| 000 | 00513nam a2200157 a 4500 | ||
|---|---|---|---|
| 008 | 120416s0000 ||||||||||||||||| || u | ||
| 020 | _a0273042653 | ||
| 050 | _aHF 5546 Rei | ||
| 100 | _aReid, G. A | ||
| 245 | 1 | 0 | _aModern office procedures |
| 250 | _a2nd. ed. | ||
| 260 |
_aToronto _bPitman Publishing _c1978 |
||
| 300 | _a398p. : ill | ||
| 350 | _a0.00 | ||
| 995 |
_D0.00 _FCBU-MAIN LIBRARY (Kitwe) _H1 _I8.00 _UAVAILABLE _ZMain Library Open Access Collection |
||
| 999 |
_c51495 _d51495 |
||